טוען...
Historical monuments of India
| מחבר ראשי: | |
|---|---|
| פורמט: | Printed Book |
| יצא לאור: |
New Delhi
Mohit
2018
|
| נושאים: |
| LEADER | 00489nam a22001577a 4500 | ||
|---|---|---|---|
| 999 | |c 57779 |d 57779 | ||
| 020 | |a 978817445749 | ||
| 082 | |a 725.940954 |b ARO/H | ||
| 100 | |a Arora,S.R | ||
| 245 | |a Historical monuments of India | ||
| 260 | |a New Delhi |b Mohit |c 2018 | ||
| 300 | |a 272p. | ||
| 650 | |a Monuments-India | ||
| 650 | |a Historic sites-India | ||
| 942 | |c BK | ||
| 952 | |0 0 |1 0 |4 0 |6 725_940954000000000_ARO_H |7 0 |9 64834 |a KUCL |c Stack |d 2019-07-27 |g 995.00 |l 0 |o 725.940954 ARO/H |p 48224 |r 2019-07-27 |w 2019-07-27 |y BK | ||